| 000 | 008500am a2200253 004500 | ||
|---|---|---|---|
| 003 | EG-GiCUC | ||
| 008 | 080310s2001 ua a f 000 0 ara d | ||
| 017 |
_a1998 / 5337 _bمصر.دار الكتب |
||
| 020 | _a9772704285 | ||
| 040 |
_aEG-GiCUC _bara _cEG-GiCUC |
||
| 092 | 0 | 4 |
_a001.94 _bS5279 2001 _221 |
| 099 |
_a04 _a001.94 S5279 2001 |
||
| 100 | 1 | _aشاكر: فؤاد. | |
| 245 | 1 | 0 |
_aغرائب و طرائف و عبر / _cفؤاد شاكر. |
| 250 | _aط.2. | ||
| 260 |
_aالقاهرة : _bالدار المصرية اللبنانية: _c2001. |
||
| 300 |
_a304 .ص : _bإيض. ؛ _c24 سم. |
||
| 650 | 7 |
_aالغرائب. _2qrmak |
|
| 902 | _a1 | ||
| 905 |
_aايمان ع _eمراجع |
||
| 905 |
_aجمال _eمدخل |
||
| 942 |
_2ddc _cBK |
||
| 999 |
_c99192 _d99192 |
||